000 00299nam a2200109Ia 4500
008 220204s9999 xx 000 0 und d
082 _a338.43.01
_bSIN
100 _aSinghal, Vikas
245 0 _aIndian agriculture 1999
260 _aNew Delhi
_bIndian Economic Data Research Centre
_c1999
942 _cBK
999 _c41781
_d41781